[Event "Cardiff Welsh op"]
[Site "Cardiff"]
[Date "2023.04.10"]
[Round "6"]
[White "Fowler, Caspian"]
[Black "Vlkova, Anezka"]
[Result "1/2-1/2"]
[WhiteElo "1546"]
[BlackElo "1956"]
[PlyCount "94"]
[EventDate "2023.04.07"]
[EventType "swiss"]
[EventRounds "7"]
[EventCountry "WLS"]
[SourceTitle "EXT 2024"]
[Source "ChessBase"]
[SourceDate "2023.10.10"]
[SourceVersion "1"]
[SourceVersionDate "2023.10.10"]
[SourceQuality "1"]

1. e4 e6 2. d4 d5 3. e5 c5 4. c3 Nc6 5. Nf3 Bd7 6. Be2 Nge7 7. a3 c4 8. 0-0 Na5 9. Nbd2 Bc6 10. Re1 Qd7 11. a4 Ng6 12. g3 h5 13. Qc2 h4 14. Bd1 b6 15. Qb1 Rc8 16. Bc2 hxg3 17. fxg3 Ne7 18. Rf1 g6 19. Ng5 Nf5 20. g4 Be7 21. Ndf3 Bxg5 22. Nxg5 Rh4 23. gxf5 gxf5 24. Rf4 Rh5 25. Rf3 Qe7 26. Bd2 Rxg5+ 27. Bxg5 Qxg5+ 28. Rg3 Qh4 29. Qe1 Ke7 30. Rg7 Qh6 31. Qg3 Rh8 32. Qg5+ Kf8 33. Qxh6 Rxh6 34. Rg3 Rg6 35. Kf2 Be8 36. Rag1 Rh6 37. h3 Nc6 38. b3 Na5 39. b4 Nc6 40. a5 b5 41. Bd1 Ne7 42. Kg2 a6 43. Kh2 Ng6 44. Rf1 Rh4 45. Bc2 Bd7 46. Rg5 Kg7 47. Bd1 Kh6 1/2-1/2

[Event "Cardiff Welsh op"]
[Site "Cardiff"]
[Date "2023.04.08"]
[Round "3"]
[White "Thomas, Mark"]
[Black "Fowler, Caspian"]
[Result "0-1"]
[WhiteElo "1789"]
[BlackElo "1546"]
[PlyCount "76"]
[EventDate "2023.04.07"]
[EventType "swiss"]
[EventRounds "7"]
[EventCountry "WLS"]
[SourceTitle "EXT 2024"]
[Source "ChessBase"]
[SourceDate "2023.10.10"]
[SourceVersion "1"]
[SourceVersionDate "2023.10.10"]
[SourceQuality "1"]

1. e4 e5 2. Nf3 Nc6 3. Bb5 a6 4. Ba4 Nf6 5. d3 b5 6. Bb3 Bc5 7. c3 d6 8. Nbd2 0-0 9. a4 Rb8 10. 0-0 Bb6 11. axb5 axb5 12. h3 Ne7 13. Re1 Ng6 14. Nf1 h6 15. Ng3 Be6 16. d4 Qc8 17. Bxe6 fxe6 18. Be3 Nd7 19. Nh2 Nf4 20. Nh5 Nxh5 21. Qxh5 exd4 22. cxd4 Qe8 23. Qh4 Qg6 24. f3 Ra8 25. Qf2 c5 26. Qd2 e5 27. Rxa8 Rxa8 28. dxe5 Qe6 29. exd6 Ba5 30. Qd1 Bxe1 31. Qxe1 Qxd6 32. Ng4 Ne5 33. Nf2 Nc4 34. Bc1 Ra1 35. b3 Ne5 36. f4 Nd3 37. Nxd3 Qxd3 38. Kh2 Qc2 0-1

[Event "Wales-chT 1920"]
[Site "Wales"]
[Date "2019.12.01"]
[Round "2.18"]
[White "Haigh, Tony"]
[Black "Fowler, Caspian"]
[Result "1-0"]
[WhiteElo "1760"]
[BlackElo "1482"]
[PlyCount "53"]
[EventDate "2019.10.20"]
[EventType "team-tourn"]
[EventRounds "7"]
[EventCountry "WLS"]
[SourceTitle "EXT 2022"]
[Source "ChessBase"]
[SourceDate "2021.10.06"]
[SourceVersion "1"]
[SourceVersionDate "2021.10.06"]
[SourceQuality "1"]
[WhiteTeam "Cardigan"]
[BlackTeam "Tiny Rex"]
[WhiteTeamCountry "WLS"]
[BlackTeamCountry "WLS"]

1. d4 Nf6 2. Bg5 Ne4 3. Bf4 c5 4. f3 Nf6 5. dxc5 Qa5+ 6. Qd2 Qxc5 7. e4 Nc6 8. Nc3 d6 9. 0-0-0 Bd7 10. Bb5 Qb6 11. Nge2 Na5 12. Bxd7+ Nxd7 13. Nd5 Qd8 14. Rhe1 Nf6 15. Nec3 a6 16. e5 Nxd5 17. Nxd5 e6 18. exd6 Bxd6 19. Bxd6 Nc4 20. Qc3 Rc8 21. Qxg7 Nxd6 22. Qxh8+ Kd7 23. Qxd8+ Kxd8 24. Nf6 Ke7 25. Ne4 Nxe4 26. Rxe4 Rg8 27. Rg4 1-0

[Event "BCF-chT4S 1819 (4NCL)"]
[Site "England"]
[Date "2018.11.18"]
[Round "2.105"]
[White "Dicen, Imogen"]
[Black "Fowler, Caspian"]
[Result "1/2-1/2"]
[WhiteElo "1832"]
[BlackElo "1592"]
[PlyCount "102"]
[EventDate "2018.11.17"]
[EventType "team-swiss"]
[EventRounds "11"]
[EventCountry "ENG"]
[SourceTitle "EXT 2021"]
[Source "ChessBase"]
[SourceDate "2020.10.23"]
[SourceVersion "1"]
[SourceVersionDate "2020.10.23"]
[SourceQuality "1"]
[WhiteTeam "Warwicks Select II"]
[BlackTeam "West is Best IV"]
[WhiteTeamCountry "ENG"]
[BlackTeamCountry "ENG"]

1. d4 Nf6 2. c4 g6 3. Nc3 d5 4. e3 Bg7 5. Nf3 0-0 6. Be2 c5 7. b3 Nc6 8. 0-0 Bg4 9. Bb2 cxd4 10. Nxd4 Bxe2 11. Qxe2 Nxd4 12. exd4 e6 13. Rfd1 Rc8 14. Rac1 Rc6 15. f3 Qd7 16. c5 Qe7 17. b4 Nd7 18. Nxd5 Qg5 19. Nc3 Bh6 20. Kh1 Rd8 21. Ne4 Qd5 22. Ra1 Bg7 23. Nc3 Qg5 24. a4 Rc7 25. Nb5 Rcc8 26. Nxa7 Ra8 27. Nb5 Nf6 28. Nd6 Rab8 29. a5 Nd5 30. Ra4 Bf8 31. Nc4 Ra8 32. Nb6 Nxb6 33. cxb6 Rd5 34. Rda1 Ra6 35. Rc1 Bd6 36. Kg1 Rb5 37. Qe1 h5 38. Qc3 Rd5 39. Qc8+ Kg7 40. Qxb7 Qe3+ 41. Kh1 Qf4 42. Kg1 Qe3+ 43. Kh1 Qf4 44. Kg1 Qe3+ 45. Kf1 Qd3+ 46. Ke1 Qe3+ 47. Kf1 Qd3+ 48. Kg1 Qe3+ 49. Kh1 Qf4 50. g3 Qxf3+ 51. Kg1 Qe3+ 1/2-1/2

[Event "South Wales op 15th"]
[Site "Cardiff"]
[Date "2018.07.09"]
[Round "4"]
[White "Jones, Steven"]
[Black "Fowler, Caspian"]
[Result "1-0"]
[WhiteElo "2203"]
[BlackElo "1404"]
[PlyCount "103"]
[EventDate "2018.07.07"]
[EventType "swiss"]
[EventRounds "9"]
[EventCountry "WLS"]
[SourceTitle "EXT 2019"]
[Source "ChessBase"]
[SourceDate "2018.10.10"]
[SourceVersion "1"]
[SourceVersionDate "2018.10.10"]
[SourceQuality "1"]

1. e4 e5 2. Nf3 Nc6 3. Bb5 a6 4. Ba4 Nf6 5. 0-0 b5 6. Bb3 Bc5 7. a4 Rb8 8. c3 Bb6 9. axb5 axb5 10. d4 Qe7 11. Re1 d6 12. Na3 Na7 13. Qd3 Bd7 14. Bg5 0-0 15. d5 h6 16. Be3 Rfd8 17. Bxb6 Rxb6 18. Nc2 Nc8 19. Nb4 Qe8 20. Nh4 Ne7 21. Ra7 Ra8 22. Rxa8 Qxa8 23. g3 Rb7 24. f4 Qb8 25. fxe5 dxe5 26. Rf1 Ra7 27. Qe3 Bh3 28. Ng2 Ng4 29. Qc5 Ra8 30. Nc2 Qa7 31. Qxa7 Rxa7 32. d6 cxd6 33. Bxf7+ Kh7 34. Rd1 Ra6 35. Nge3 Nf6 36. Nb4 Ra7 37. Bb3 Kh8 38. Bc2 Rd7 39. Ra1 Rc7 40. Ra6 Nc8 41. Bd3 Bd7 42. Ra8 Rb7 43. Nec2 Ne8 44. Nd5 Nb6 45. Rd8 Kh7 46. Nxb6 Rxb6 47. Rxd7 Ra6 48. Na3 Nf6 49. Bxb5 Nxd7 50. Bxa6 Nc5 51. Bc4 Nxe4 52. Bd3 1-0

[Event "Dyfed op 47th"]
[Site "Fishguard"]
[Date "2018.02.18"]
[Round "5"]
[White "Fowler, Caspian"]
[Black "Morgans, Justin"]
[Result "1/2-1/2"]
[WhiteElo "1370"]
[BlackElo "1668"]
[PlyCount "96"]
[EventDate "2018.02.16"]
[EventType "swiss"]
[EventRounds "5"]
[EventCountry "WLS"]
[SourceTitle "EXT 2020"]
[Source "ChessBase"]
[SourceDate "2019.10.17"]
[SourceVersion "1"]
[SourceVersionDate "2019.10.17"]
[SourceQuality "1"]

1. e4 c5 2. c3 d6 3. d4 cxd4 4. cxd4 a6 5. Nc3 Nf6 6. Nf3 e6 7. Bd3 Be7 8. 0-0 0-0 9. Bb1 Nc6 10. Qc2 e5 11. h3 Bd7 12. Be3 Rc8 13. a3 b5 14. Qd3 g6 15. Bd2 Re8 16. Bg5 Nh5 17. Bxe7 Qxe7 18. Nd5 Qd8 19. Qe3 Ne7 20. dxe5 Nxd5 21. exd5 dxe5 22. Ba2 Qf6 23. b4 Nf4 24. Nd2 Qg5 25. Qf3 Nxh3+ 26. Kh1 Qxd2 27. gxh3 Rc3 28. Qf6 Rxh3+ 29. Kg1 Qf4 30. Qxf4 exf4 31. d6 f3 32. Rfe1 Re2 33. Rec1 Rd2 34. Rd1 Rxd1+ 35. Rxd1 Rh4 36. Re1 Rd4 37. Re7 Rxd6 38. Rxf7 Kh8 39. Rxf3 Bf5 40. Kh2 Rd3 41. Rxd3 Bxd3 42. Bd5 Kg7 43. Bb7 Bf5 44. Bxa6 Bd7 45. Bb7 Kf6 46. Kg3 g5 47. f4 h5 48. fxg5+ Kxg5 1/2-1/2

[Event "Dyfed op 47th"]
[Site "Fishguard"]
[Date "2018.02.18"]
[Round "4"]
[White "Owen, Neil"]
[Black "Fowler, Caspian"]
[Result "1-0"]
[WhiteElo "1760"]
[BlackElo "1370"]
[PlyCount "29"]
[EventDate "2018.02.16"]
[EventType "swiss"]
[EventRounds "5"]
[EventCountry "WLS"]
[SourceTitle "EXT 2020"]
[Source "ChessBase"]
[SourceDate "2019.10.17"]
[SourceVersion "1"]
[SourceVersionDate "2019.10.17"]
[SourceQuality "1"]

1. g4 e5 2. Bg2 d5 3. c4 c6 4. cxd5 cxd5 5. Qb3 Ne7 6. Nc3 e4 7. d3 exd3 8. Nxd5 dxe2 9. Bg5 Nbc6 10. Nxe2 Qd7 11. 0-0-0 Nxd5 12. Bxd5 Qc7 13. Nc3 Nd4 14. Rxd4 Bc5 15. Bxf7+ 1-0

[Event "Styrian op U14/16 23rd"]
[Site "Mureck"]
[Date "2016.08.10"]
[Round "8"]
[White "O'Gorman, Alice"]
[Black "Fowler, Caspian"]
[Result "1-0"]
[WhiteElo "1780"]
[BlackElo "1153"]
[PlyCount "61"]
[EventDate "2016.08.03"]
[EventType "swiss"]
[EventRounds "9"]
[EventCountry "AUT"]
[SourceTitle "CBM 174 Extra"]
[Source "ChessBase"]
[SourceDate "2016.10.10"]
[SourceVersion "1"]
[SourceVersionDate "2016.10.10"]
[SourceQuality "1"]

1. e4 e5 2. Nf3 Nc6 3. Bc4 Bc5 4. 0-0 Nf6 5. d3 d6 6. c3 h6 7. Re1 0-0 8. Nbd2 Bb6 9. Nf1 Ne7 10. Ng3 Ng6 11. h3 c6 12. Bb3 Kh8 13. Be3 Nh7 14. d4 exd4 15. Nxd4 Qh4 16. Bc2 Nf4 17. Qf3 Ne6 18. Ndf5 Qf6 19. Nxd6 Qxf3 20. gxf3 Neg5 21. Red1 Nxh3+ 22. Kg2 N3g5 23. Bxb6 axb6 24. Bb3 Nf6 25. f4 Ne6 26. f5 Nd8 27. f3 Nd7 28. Nxc8 Rxc8 29. Rxd7 g6 30. fxg6 fxg6 31. Rh1 1-0